Statistiques concernant Culture Générale - Série 774

Cliquez ici pour prendre le quiz!

Statistiques générales

  • Ce quiz a été pris 55 fois
  • Le résultat moyen est 3 sur 10

Statistiques - réponses

Question Réponse % Correct
Qu'est-ce qu'un stratus ?nuage
84%
Quel nom de petit mammifère, au museau allongé, est celui du rappeur qui chantait en 2007 : "Qui peut me stopper ?"La Fouine
59%
Quelle était la nationalité d'Anders Celsius, l'inventeur de l'échelle des températures qui porte son nom ?Suédoise
53%
Qui a réalisé le film "Apocalypse Now", sorti en 1979 ?Francis Ford Coppola
49%
Le film racontant l'histoire d'un jeune garçon qui passe des faubourgs Américains aux châteaux de l’Angleterre s'intitule "Le Petit Lord...Fauntleroy
16%
De quelle variété d'oiseaux est le tadorne ?canard
14%
Dans la mythologie grecque, qui était Nessus ou Nessos ?centaure
12%
Quel coquillage est surnommé "La Vénus du Nord" ?praire
4%
Petit insecte sauteur faisant de gros dégâts sur les choux ou le colza notamment qu'il grignote et perfore comme s'il utilisait un poinçonaltise
0%
Comment appelle-t-on un anneau de lombric ?metamere
0%

Distribution des résultats

Percentile by Number Answered

% des personnes avec chaque résultat

Votre développement - résultats

Vous n’avez pas pris ce quiz